000 00905nmm a2200277 a 4500
001 ocm000702120
003 TR-IsHL
005 20201028132026.0
008 131028s2007 tu tur
007 cr cn
035 _a702120
_b(N$T)
050 0 4 _aPQ1811.T3
_bF66 2007
090 0 4 _aPQ1811.T3
_bF66 2007
100 1 _aFontaine, Jean De La
245 1 0 _aTavşan ile kurbağalar
_h[electronic resource] /
_cJean De La Fontaine ; editör Derya Günay
250 _a1. bs.
260 _aİstanbul :
_bBirleşik Yayın Grubu,
_c2007
300 _a62 p.
650 4 _aDil ve Edebiyat
650 4 _aLanguage and Literature
650 0 _aFabller, Fransız
650 0 _aFables, French
650 7 _aJUVENILE FICTION / Legends, Myths, Fables / General
_2bisacsh
700 1 _aGünay, Derya
856 4 0 _uhttp://search.ebscohost.com/login.aspx?direct=true&scope=site&db=e011xww&AN=702120
999 _c4871
_d4871